000
00215nam a22000857a 4500
008
170213b xxu||||| |||| 00| 0 eng d
100
_9
2869
_a
CBSE
245
_a
English Formative Assesment
260
_a
New Delhi
_b
CBSE
_c
2010
999
_c
6088
_d
6088